000 00472nam a2200181Ia 4500
003 GCL
008 140319s9999 xx 000 0 eng d
040 _aGCL /
_cGCL
082 0 4 _aCC
_b493
_bG S
100 1 _aGARDINER, ALAN
245 1 0 _aSUPPLEMENT TO GARDINER'S EGYPTIAN GRAMMAR /
_cGARDINER, ALAN
700 1 _aLAURENT, GAUTHIER
260 _a[S.N] :
_bIMP. V. ALLARD
300 _a78 P
650 0 4 _aHIEROGLYPHIC
650 0 4 _aEGYPTIAN LANGUAGE
942 _2ddc
_cBK
999 _c20405
_d20405